00489nam a22001217a 4500008004100000040005500041080002100096245009800117260006500215300001000280490006500290650001200355230531b |||||||| |||| 00| 0 eng d aNational Science LibrarycNational Science Library a577.16(063) bK2 aProceedings of the symposium on vitamin metabolism c/ Held in Calcutta on May 5 and 6, 1962  aNew Delhi: bNational Institute of Sciences in India, c1962 a209p. aBulletin of the National Institute of Sciences in India v25 aScience